Agri-Business management (Record no. 13693)
[ view plain ]
| 000 -LEADER | |
|---|---|
| fixed length control field | 00316nam a22001337a 4500 |
| 020 ## - INTERNATIONAL STANDARD BOOK NUMBER | |
| ISBN | 9788189304478 |
| 082 ## - DEWEY DECIMAL CLASSIFICATION NUMBER | |
| Classification number | 630.68 |
| Item number | AMA/AG |
| 100 ## - MAIN ENTRY--AUTHOR NAME | |
| Personal name | Amarnath, J.S |
| 245 ## - TITLE STATEMENT | |
| Title | Agri-Business management |
| 260 ## - PUBLICATION, DISTRIBUTION, ETC. (IMPRINT) | |
| Place of publication | Delhi |
| Name of publisher | Satish Serial Publishing House |
| Year of publication | 2010 |
| 300 ## - PHYSICAL DESCRIPTION | |
| Number of Pages | 396 |
| 700 ## - ADDED ENTRY--PERSONAL NAME | |
| Personal name | Samvel, A.P.V |
| 942 ## - ADDED ENTRY ELEMENTS (KOHA) | |
| Koha item type | Books |
| Withdrawn status | Lost status | Damaged status | Collection code | Home library | Current library | Shelving location | Date acquired | Source of acquisition | Cost, normal purchase price | Full call number | Accession Number | Koha item type |
|---|---|---|---|---|---|---|---|---|---|---|---|---|
| Reference | KAUAET | KAUAET | General Stacks | 31/03/2012 | Universal Research Books, Thrissur | 1595.00 | 630.68 AMA/AG | 23338 | Books | |||
| Non-fiction | KAUAET | KAUAET | General Stacks | 31/03/2012 | Penta Book Distributors, Calicut | 1575.00 | 630.68 AMA/AG | 22850 | Books | |||
| Non-fiction | KAUAET | KAUAET | General Stacks | 31/03/2012 | Penta Book Distributors, Calicut | 1575.00 | 630.68 AMA/AG | 22851 | Books | |||
| Non-fiction | KAUAET | KAUAET | General Stacks | 31/03/2012 | Penta Book Distributors, Calicut | 1575.00 | 630.68 AMA/AG | 22852 | Books | |||
| Non-fiction | KAUAET | KAUAET | General Stacks | 31/03/2012 | Penta Book Distributors, Calicut | 1575.00 | 630.68 AMA/AG | 22853 | Books | |||
| Non-fiction | KAUAET | KAUAET | General Stacks | 31/03/2012 | Penta Book Distributors, Calicut | 1575.00 | 630.68 AMA/AG | 22854 | Books | |||
| Non-fiction | KAUAET | KAUAET | General Stacks | 17/05/2019 | 3650.00 | 630.68 AMA/AG | 25797 | Books | ||||
| Non-fiction | KAUAET | KAUAET | General Stacks | 17/05/2019 | 3650.00 | 630.68 AMA/AG | 25796 | Books |
